000 00944nam0a22002651 4500
001 rc\2600230
005 20250623130844.0
035 _a(NLR Aleph) 006764319
090 _a5877423
_c5877423
100 _a20110914d1930 |||y0rusy50 ca
101 0 _arus
102 _aRU
105 _aa z |||||
200 1 _aМашина в колхозе
_eС 73 рис. и 3 письмами колхозников
_fПроф. Б. А. Криль
210 _aМосква
_cКрестьянская газета
_d1930
_gтип. изд-ва "Крестьянская газета"
215 _a96 с.
_cил., черт.
_d20х15 см.
225 1 _aК осеннему севу
300 _aПод ред. А. А. Субботина
700 1 _aКриль
_bБ.А.
_f1881-
_gБорис Александрович
801 0 _aRU
_bNLR
_gpsbo
801 1 _aRU
_bELAR
_2rusmarc
852 _aNLR
_j30.10/1888
942 _cBOOK
980 _aNB